[Event "Barcelona Sant Marti op-A 25th"]
[Site "Barcelona"]
[Date "2025.07.18"]
[Round "6"]
[White "Molinero Martin, Joan"]
[Black "Gao, Ruoya"]
[Result "1/2-1/2"]
[WhiteElo "1947"]
[BlackElo "1918"]
[PlyCount "69"]
[EventDate "2025.07.13"]
[EventType "swiss"]
[EventRounds "9"]
[EventCountry "ESP"]
[SourceTitle "CB30_2025"]
[SourceDate "2025.07.23"]
[SourceVersion "1"]
[SourceVersionDate "2025.07.23"]
[SourceQuality "1"]

1. e4 e6 2. d4 d5 3. e5 c5 4. c3 Nc6 5. Nf3 Qb6 6. Be2 cxd4 7. cxd4 Nh6 8. b3 Nf5 9. Bb2 Bb4+ 10. Kf1 Be7 11. g4 Nh4 12. Nxh4 Bxh4 13. Na3 Be7 14. Nc2 0-0 15. Kg2 Bd7 16. h4 a5 17. g5 a4 18. Ne3 axb3 19. axb3 Rfc8 20. Ng4 Kh8 21. f4 Na5 22. Rh3 Bb5 23. Bd3 Bxd3 24. Qxd3 Nc6 25. Rf3 Rxa1 26. Bxa1 Nb4 27. Qb1 Nc2 28. Rc3 Rxc3 29. Bxc3 Na3 30. Qd1 Nb5 31. Bb2 Qc6 32. Qd3 Ba3 33. Bxa3 Nxa3 34. Ne3 Kg8 35. h5 1/2-1/2

[Event "Barcelona Sant Marti op-A 25th"]
[Site "Barcelona"]
[Date "2025.07.16"]
[Round "4"]
[White "Molinero Martin, Joan"]
[Black "Riera Danes, Manel"]
[Result "1/2-1/2"]
[WhiteElo "1947"]
[BlackElo "1886"]
[PlyCount "29"]
[EventDate "2025.07.13"]
[EventType "swiss"]
[EventRounds "9"]
[EventCountry "ESP"]
[SourceTitle "CB30_2025"]
[SourceDate "2025.07.23"]
[SourceVersion "1"]
[SourceVersionDate "2025.07.23"]
[SourceQuality "1"]

1. e4 c5 2. Nf3 Nc6 3. d4 cxd4 4. Nxd4 Nf6 5. Nc3 e5 6. Nxc6 bxc6 7. Bd3 Be7 8. 0-0 0-0 9. Bg5 d6 10. h3 Be6 11. Qe2 Nd7 12. Bxe7 Qxe7 13. Bc4 Nb6 14. Bb3 Bxb3 15. axb3 1/2-1/2

[Event "Barcelona Sant Marti op-A 25th"]
[Site "Barcelona"]
[Date "2025.07.13"]
[Round "1"]
[White "Vehi Bach, Victor Manuel"]
[Black "Molinero Martin, Joan"]
[Result "1-0"]
[WhiteElo "2181"]
[BlackElo "1947"]
[PlyCount "75"]
[EventDate "2025.07.13"]
[EventType "swiss"]
[EventRounds "9"]
[EventCountry "ESP"]
[SourceTitle "CB30_2025"]
[SourceDate "2025.07.23"]
[SourceVersion "1"]
[SourceVersionDate "2025.07.23"]
[SourceQuality "1"]

1. e4 c6 2. d4 d5 3. e5 Bf5 4. Be3 e6 5. Nd2 a6 6. Nb3 Nd7 7. f4 Rc8 8. Nf3 c5 9. dxc5 Bxc5 10. Nxc5 Nxc5 11. c3 Ne7 12. Be2 0-0 13. 0-0 b5 14. Nd4 Be4 15. Qd2 Nf5 16. Nxf5 Bxf5 17. Bd4 Rc6 18. Qe3 Qc8 19. Rad1 Re8 20. h3 Re7 21. g4 Be4 22. Kh2 Rec7 23. b3 Nb7 24. Rde1 Rxc3 25. Bxc3 Rxc3 26. Rc1 Bc2 27. Qd4 Rc7 28. Bd3 Bxd3 29. Rxc7 Qxc7 30. Qxd3 g6 31. Qe3 Qa5 32. Rf2 Qb4 33. f5 Nc5 34. fxg6 hxg6 35. Qf3 f5 36. exf6 Kf7 37. Qg3 Qa5 38. Qd6 1-0

[Event "Sant Adria de Besos op 17th"]
[Site "Sant Adria de Besos"]
[Date "2023.06.04"]
[Round "7"]
[White "Molinero Martin, Joan"]
[Black "Lorca Cortada, David"]
[Result "0-1"]
[WhiteElo "2075"]
[BlackElo "2114"]
[PlyCount "78"]
[EventDate "2023.04.02"]
[EventType "swiss"]
[EventRounds "9"]
[EventCountry "ESP"]
[SourceTitle "EXT 2024"]
[Source "ChessBase"]
[SourceDate "2023.10.10"]
[SourceVersion "1"]
[SourceVersionDate "2023.10.10"]
[SourceQuality "1"]

1. e4 c5 2. Nf3 Nc6 3. d4 cxd4 4. Nxd4 e6 5. Nb3 Nf6 6. Bg5 h6 7. Bxf6 Qxf6 8. c3 Qg6 9. N1d2 Be7 10. Qf3 0-0 11. Qg3 Qf6 12. Bd3 d6 13. 0-0 a6 14. Nc4 Rd8 15. Nb6 Rb8 16. f4 Bd7 17. Bc2 g6 18. Rad1 Be8 19. Nd4 Nxd4 20. Rxd4 d5 21. e5 Qg7 22. b4 Bc6 23. Rf3 Re8 24. Qh3 Bd8 25. Na4 Bxa4 26. Bxa4 b5 27. Bc2 Bb6 28. f5 exf5 29. Re3 Rxe5 30. Qg3 Rbe8 31. Rxe5 Qxe5 32. Qf2 Bxd4 33. cxd4 Qc7 34. h4 Qe7 35. Bb3 Qe1+ 36. Qxe1 Rxe1+ 37. Kf2 Re4 38. h5 Rxd4 39. hxg6 fxg6 0-1

[Event "Barcelona Sant Marti op-B 20th"]
[Site "Barcelona"]
[Date "2018.07.15"]
[Round "3"]
[White "Molinero Martin, Joan"]
[Black "Corominas Garrido, Jordi"]
[Result "1-0"]
[WhiteElo "1939"]
[BlackElo "1853"]
[PlyCount "47"]
[EventDate "2018.07.13"]
[EventType "swiss"]
[EventRounds "9"]
[EventCountry "ESP"]
[SourceTitle "EXT 2019"]
[Source "ChessBase"]
[SourceDate "2018.10.10"]
[SourceVersion "1"]
[SourceVersionDate "2018.10.10"]
[SourceQuality "1"]

1. e4 e6 2. d4 d5 3. e5 c5 4. c3 Nc6 5. Nf3 Qb6 6. Be2 f6 7. 0-0 fxe5 8. dxe5 Nge7 9. Bd3 g6 10. Na3 a6 11. Qa4 Bd7 12. Qh4 0-0-0 13. b4 Bg7 14. b5 axb5 15. Nxb5 Bxe5 16. Rb1 Qa5 17. Nxe5 Nxe5 18. Nd6+ Kc7 19. Qxe7 Nxd3 20. Nxb7 Qxa2 21. Bg5 Rb8 22. Ra1 Qb2 23. Qd6+ Kc8 24. Nxc5 1-0

[Event "Barcelona Sant Marti op-B 20th"]
[Site "Barcelona"]
[Date "2018.07.13"]
[Round "1"]
[White "Molinero Martin, Joan"]
[Black "Siso Ribes, Genis Alfred"]
[Result "1-0"]
[WhiteElo "1939"]
[BlackElo "1626"]
[PlyCount "89"]
[EventDate "2018.07.13"]
[EventType "swiss"]
[EventRounds "9"]
[EventCountry "ESP"]
[SourceTitle "EXT 2019"]
[Source "ChessBase"]
[SourceDate "2018.10.10"]
[SourceVersion "1"]
[SourceVersionDate "2018.10.10"]
[SourceQuality "1"]

1. e4 e5 2. Nf3 Nc6 3. Bc4 Bc5 4. c3 d6 5. b4 Bb6 6. a4 a6 7. Qb3 Qf6 8. d3 Bg4 9. Nbd2 Nge7 10. h3 Be6 11. Bxe6 Qxe6 12. Qxe6 fxe6 13. Nc4 Ba7 14. 0-0 Kd7 15. Bb2 Ng6 16. b5 axb5 17. axb5 Nce7 18. d4 exd4 19. cxd4 Rhf8 20. Ra3 Bb6 21. Nxb6+ cxb6 22. Rfa1 Rac8 23. Rc1 h6 24. Ra7 Rxc1+ 25. Bxc1 Kc7 26. Ba3 Rf4 27. Nd2 d5 28. g3 Rf7 29. Ra8 Nc8 30. e5 Nge7 31. Kg2 Nf5 32. Nf3 g5 33. Bc1 Rg7 34. g4 Nfe7 35. Kg3 Rf7 36. h4 gxh4+ 37. Nxh4 h5 38. gxh5 Nf5+ 39. Nxf5 Rxf5 40. h6 Kd7 41. f3 Kc7 42. Kg4 Kd7 43. Bg5 Ne7 44. Bxe7 Kxe7 45. h7 1-0

[Event "Sant Adria de Besos op 13th"]
[Site "Sant Adria de Besos"]
[Date "2017.05.14"]
[Round "4"]
[White "Molinero Martin, Joan"]
[Black "Garcia Gomez, Luis"]
[Result "0-1"]
[WhiteElo "2125"]
[BlackElo "1816"]
[PlyCount "98"]
[EventDate "2017.04.23"]
[EventType "swiss"]
[EventRounds "9"]
[EventCountry "ESP"]
[SourceTitle "EXT 2018"]
[Source "ChessBase"]
[SourceDate "2017.10.13"]
[SourceVersion "1"]
[SourceVersionDate "2017.10.13"]
[SourceQuality "1"]

1. e4 e5 2. Nf3 Nc6 3. Bc4 Bc5 4. 0-0 Nf6 5. b4 Bxb4 6. c3 Be7 7. d4 d6 8. Re1 0-0 9. Bb2 Bg4 10. Qd3 Na5 11. dxe5 dxe5 12. Nxe5 Nxc4 13. Qxc4 Be6 14. Qe2 Nd7 15. Ng4 f6 16. Nd2 Qe8 17. Nb3 Qg6 18. Ne3 Qxe4 19. Rad1 Rad8 20. Nd4 Rfe8 21. f3 Qe5 22. Qf2 Bf7 23. Nef5 Qc5 24. Qg3 g6 25. Nxe7+ Rxe7 26. Rxe7 Qxe7 27. Qxc7 Re8 28. Qg3 Bxa2 29. h3 Qe3+ 30. Kh2 Ne5 31. Re1 Ng4+ 32. Qxg4 Qxe1 33. Nf5 Be6 34. Nh6+ Kg7 35. Qf4 Qe5 36. Qxe5 fxe5 37. Ng4 Bxg4 38. hxg4 Kf7 39. Kg3 e4 40. Kf2 e3+ 41. Ke2 Re6 42. Bc1 a5 43. Bxe3 b5 44. Kd3 Rc6 45. Bg5 Ke6 46. Kd4 a4 47. Bc1 b4 48. c4 a3 49. c5 Ra6 0-1

[Event "Barcelona Sant Marti op-A 18th"]
[Site "Barcelona"]
[Date "2016.07.21"]
[Round "9"]
[White "Molinero Martin, Joan"]
[Black "Chung, Mathilde"]
[Result "1/2-1/2"]
[WhiteElo "1995"]
[BlackElo "2169"]
[PlyCount "23"]
[EventDate "2016.07.13"]
[EventType "swiss"]
[EventRounds "9"]
[EventCountry "ESP"]
[SourceTitle "CBM 173 Extra"]
[Source "ChessBase"]
[SourceDate "2016.08.29"]
[SourceVersion "1"]
[SourceVersionDate "2016.08.29"]
[SourceQuality "1"]

1. e4 e6 2. d4 d5 3. e5 c5 4. c3 Nc6 5. Nf3 Bd7 6. Bd3 Rc8 7. dxc5 Bxc5 8. 0-0 Qc7 9. Re1 f5 10. Bxf5 exf5 11. e6 Nge7 12. Ng5 1/2-1/2

[Event "Barcelona Sant Marti op-A 18th"]
[Site "Barcelona"]
[Date "2016.07.19"]
[Round "7"]
[White "Molinero Martin, Joan"]
[Black "Molano Lafuente, Ismael"]
[Result "1-0"]
[WhiteElo "1995"]
[BlackElo "1940"]
[PlyCount "91"]
[EventDate "2016.07.13"]
[EventType "swiss"]
[EventRounds "9"]
[EventCountry "ESP"]
[SourceTitle "CBM 173 Extra"]
[Source "ChessBase"]
[SourceDate "2016.08.29"]
[SourceVersion "1"]
[SourceVersionDate "2016.08.29"]
[SourceQuality "1"]

1. e4 e5 2. Nf3 f5 3. d4 fxe4 4. Nxe5 Nf6 5. Bg5 d6 6. Nc4 Be7 7. Be2 0-0 8. 0-0 d5 9. Ne3 Be6 10. c3 c6 11. Nd2 Nbd7 12. c4 h6 13. Bh4 Nh7 14. Bg3 Ndf6 15. c5 Qd7 16. b4 a6 17. a4 g6 18. Qb3 g5 19. b5 axb5 20. axb5 h5 21. Ra2 Rxa2 22. Qxa2 g4 23. bxc6 bxc6 24. Rb1 Ng5 25. Qa6 Rc8 26. Rb7 Qe8 27. Nb3 Qd8 28. Na5 Ra8 29. Qxa8 Qxa8 30. Rb8+ Qxb8 31. Bxb8 Bd7 32. Ba6 Nf7 33. Bb7 Nd8 34. Ba8 Ne8 35. Nxd5 cxd5 36. Bxd5+ Be6 37. Bxe4 Nf6 38. f3 Nxe4 39. fxe4 Bf6 40. e5 Bg5 41. Kf2 Kf8 42. c6 Ke8 43. c7 Nf7 44. Nc4 Kd7 45. Nb6+ Kc6 46. d5+ 1-0

[Event "Barcelona Sant Marti op-A 18th"]
[Site "Barcelona"]
[Date "2016.07.15"]
[Round "3"]
[White "Molinero Martin, Joan"]
[Black "Anurag, Mhamal"]
[Result "0-1"]
[WhiteElo "1995"]
[BlackElo "2392"]
[PlyCount "66"]
[EventDate "2016.07.13"]
[EventType "swiss"]
[EventRounds "9"]
[EventCountry "ESP"]
[SourceTitle "CBM 173 Extra"]
[Source "ChessBase"]
[SourceDate "2016.08.29"]
[SourceVersion "1"]
[SourceVersionDate "2016.08.29"]
[SourceQuality "1"]

1. e4 c5 2. Nf3 a6 3. c3 d6 4. d4 Qc7 5. Bd3 g6 6. Be3 Bg7 7. dxc5 dxc5 8. Nbd2 Nf6 9. h3 0-0 10. Nf1 Rd8 11. Qe2 Nh5 12. Rd1 Nc6 13. g3 Be6 14. Bc4 Rxd1+ 15. Kxd1 Rd8+ 16. Ke1 Bc8 17. g4 Nf4 18. Bxf4 Qxf4 19. Qe3 Qd6 20. N1d2 Ne5 21. Kf1 b5 22. Be2 Bb7 23. Nb3 c4 24. Nbd4 Qc5 25. Kg2 Nxf3 26. Bxf3 Bxd4 27. cxd4 Rxd4 28. Rd1 e5 29. h4 Qd6 30. Re1 Qf6 31. g5 Qe6 32. h5 gxh5 33. Rh1 Bxe4 0-1

[Event "Sant Adria de Besos op 12th"]
[Site "Sant Adria de Besos"]
[Date "2016.05.08"]
[Round "3"]
[White "Ramirez Garcia, Jorge Alberto"]
[Black "Molinero Martin, Joan"]
[Result "1-0"]
[WhiteElo "2326"]
[BlackElo "2160"]
[PlyCount "99"]
[EventDate "2016.04.10"]
[EventType "swiss"]
[EventRounds "9"]
[EventCountry "ESP"]
[SourceTitle "EXT 2017"]
[Source "ChessBase"]
[SourceDate "2016.10.25"]
[SourceVersion "1"]
[SourceVersionDate "2016.10.25"]
[SourceQuality "1"]

1. Nf3 c5 2. e4 Nc6 3. d4 cxd4 4. Nxd4 g6 5. Nc3 Bg7 6. Nde2 d6 7. g3 Nf6 8. Bg2 0-0 9. h3 Be6 10. 0-0 Rc8 11. Be3 a6 12. Nd5 Bxd5 13. exd5 Ne5 14. b3 Ned7 15. Re1 Nc5 16. Bd4 Qc7 17. c4 b5 18. b4 Na4 19. cxb5 axb5 20. Rc1 Qb7 21. Qd3 Qa6 22. Qe3 Rfe8 23. Rxc8 Rxc8 24. Rc1 Bf8 25. Bxf6 exf6 26. Nd4 Nb6 27. Rc6 Rb8 28. Ne6 fxe6 29. Qxe6+ Kh8 30. Qxf6+ Bg7 31. Qxd6 Rf8 32. Rxb6 Qxa2 33. Rxb5 Qxf2+ 34. Kh2 Bd4 35. h4 Qg1+ 36. Kh3 Rf7 37. Rb7 Qf2 38. Rxf7 Qxf7 39. Qf4 Bf6 40. b5 Kg7 41. b6 Qd7+ 42. Kh2 Be7 43. Qe5+ Kh6 44. Qe6 Qd8 45. b7 Bd6 46. Kh3 Qb8 47. g4 Bh2 48. g5+ Kg7 49. Qf6+ Kg8 50. d6 1-0

[Event "Barcelona Sant Marti op-A 5th"]
[Site "Barcelona"]
[Date "2016.03.03"]
[Round "8"]
[White "Molinero Martin, Joan"]
[Black "Ribera Nebot, Joan"]
[Result "1-0"]
[WhiteElo "2004"]
[BlackElo "2070"]
[PlyCount "111"]
[EventDate "2016.01.14"]
[EventType "swiss"]
[EventRounds "9"]
[EventCountry "ESP"]
[SourceTitle "EXT 2017"]
[Source "ChessBase"]
[SourceDate "2016.10.25"]
[SourceVersion "1"]
[SourceVersionDate "2016.10.25"]
[SourceQuality "1"]

1. e4 e6 2. Nf3 d5 3. e5 c5 4. c3 Nc6 5. Bd3 f5 6. 0-0 Be7 7. Bc2 Nh6 8. d4 Nf7 9. Be3 cxd4 10. cxd4 0-0 11. Nc3 Bd7 12. Re1 Rc8 13. Bd2 Ng5 14. Bxg5 Bxg5 15. Nxg5 Qxg5 16. Re3 Qh4 17. Ne2 Nb4 18. Rh3 Qg4 19. f3 Qg5 20. f4 Qg4 21. Rg3 Qh4 22. Bb3 Bb5 23. Nc3 Bc4 24. a3 Na6 25. Rf3 Nc7 26. Bxc4 dxc4 27. Qa4 a6 28. Qxc4 Nd5 29. Qf1 Rfd8 30. Rc1 Nb6 31. g3 Qe7 32. Rd3 Nc4 33. Qg2 b5 34. d5 Qc5+ 35. Kh1 Ne3 36. b4 Qb6 37. Qf2 Nxd5 38. Qxb6 Nxb6 39. Rcd1 Rxd3 40. Rxd3 Nc4 41. Ne2 Rc7 42. Kg1 Kf7 43. Kf2 Ke7 44. Nd4 Nb6 45. Ke2 Rc1 46. Rd1 Rc4 47. Rd3 Nd5 48. Kd2 Rc8 49. Nxf5+ exf5 50. Rxd5 Rc6 51. Rc5 Rxc5 52. bxc5 Ke6 53. c6 a5 54. Kc3 Ke7 55. Kd4 Kd8 56. e6 1-0

[Event "Barcelona Sant Marti op-A 5th"]
[Site "Barcelona"]
[Date "2016.02.25"]
[Round "7"]
[White "Ventura Bolet, Maxim"]
[Black "Molinero Martin, Joan"]
[Result "1-0"]
[WhiteElo "2239"]
[BlackElo "2004"]
[PlyCount "67"]
[EventDate "2016.01.14"]
[EventType "swiss"]
[EventRounds "9"]
[EventCountry "ESP"]
[SourceTitle "EXT 2017"]
[Source "ChessBase"]
[SourceDate "2016.10.25"]
[SourceVersion "1"]
[SourceVersionDate "2016.10.25"]
[SourceQuality "1"]

1. Nf3 c5 2. c4 Nc6 3. Nc3 e5 4. e3 d6 5. d4 Bg4 6. d5 Nce7 7. Be2 Ng6 8. 0-0 Bxf3 9. Qa4+ Qd7 10. Bxf3 Qxa4 11. Nxa4 f5 12. a3 Nf6 13. b4 b6 14. bxc5 bxc5 15. Rb1 Be7 16. Rb7 Nd7 17. e4 Nh4 18. Bd2 Nxf3+ 19. gxf3 Bd8 20. f4 Rf8 21. Re1 Rf7 22. exf5 Kf8 23. Kg2 Bf6 24. Re4 Re7 25. Nc3 exf4 26. Bxf4 Ne5 27. Rxe7 Kxe7 28. Bxe5 dxe5 29. f4 Rb8 30. fxe5 Bg5 31. d6+ Kd7 32. Re2 Rb3 33. e6+ Ke8 34. e7 1-0

[Event "Sant Adria de Besos op 11th"]
[Site "Sant Adria de Besos"]
[Date "2015.06.14"]
[Round "8.1"]
[White "Molinero Martin, Joan"]
[Black "Serrano Pertinez, Miquel"]
[Result "1-0"]
[WhiteElo "2120"]
[BlackElo "2240"]
[PlyCount "67"]
[EventDate "2015.04.12"]
[EventType "swiss"]
[EventRounds "9"]
[EventCountry "ESP"]
[SourceTitle "EXT 2024"]
[Source "ChessBase"]
[SourceDate "2023.10.10"]
[SourceVersion "1"]
[SourceVersionDate "2023.10.10"]
[SourceQuality "1"]

1. e4 c5 2. c3 Nf6 3. Qc2 e6 4. Nf3 b6 5. d3 Bb7 6. Bg5 h6 7. Bh4 Be7 8. Nbd2 Nc6 9. Be2 d6 10. h3 g5 11. Bg3 d5 12. Ne5 Nd7 13. Ndf3 Bf6 14. Ng4 Bg7 15. exd5 exd5 16. Ne3 Nde5 17. 0-0-0 Nxf3 18. Bxf3 Ne7 19. Rde1 0-0 20. h4 f5 21. hxg5 hxg5 22. Rh5 g4 23. Nxg4 fxg4 24. Bxg4 Bc8 25. d4 Bxg4 26. Qh7+ Kf7 27. Rg5 Nf5 28. Rxg4 Qf6 29. Rf4 Qh6 30. Qxf5+ Kg8 31. Qxd5+ Kh8 32. Kb1 Rxf4 33. Bxf4 Qg6+ 34. Ka1 1-0

[Event "Sant Adria de Besos op 11th"]
[Site "Sant Adria de Besos"]
[Date "2015.05.24"]
[Round "5.1"]
[White "Vazquez Gamero, Miguel"]
[Black "Molinero Martin, Joan"]
[Result "1/2-1/2"]
[WhiteElo "2212"]
[BlackElo "2120"]
[PlyCount "34"]
[EventDate "2015.04.12"]
[EventType "swiss"]
[EventRounds "9"]
[EventCountry "ESP"]
[SourceTitle "EXT 2024"]
[Source "ChessBase"]
[SourceDate "2023.10.10"]
[SourceVersion "1"]
[SourceVersionDate "2023.10.10"]
[SourceQuality "1"]

1. e4 e5 2. Nf3 Nc6 3. Bb5 Bc5 4. 0-0 Qe7 5. c3 a6 6. Bxc6 dxc6 7. d4 Bd6 8. Nxe5 Bxe5 9. dxe5 Qxe5 10. Nd2 Be6 11. Re1 0-0-0 12. Qc2 Nf6 13. Nf3 Qh5 14. Nd4 Rhe8 15. Bf4 g5 16. Bg3 Qg6 17. f3 h5 1/2-1/2

[Event "Sant Adria de Besos op 09th"]
[Site "Sant Adria de Besos"]
[Date "2013.06.09"]
[Round "9"]
[White "Fabregas Fernandez, Bernat"]
[Black "Molinero Martin, Joan"]
[Result "1-0"]
[WhiteElo "2153"]
[BlackElo "2013"]
[PlyCount "89"]
[EventDate "2013.04.14"]
[EventType "swiss"]
[EventRounds "9"]
[EventCountry "ESP"]
[SourceTitle "EXT 2015"]
[Source "ChessBase"]
[SourceDate "2014.11.20"]
[SourceVersion "1"]
[SourceVersionDate "2014.11.20"]
[SourceQuality "1"]

1. Nf3 Nf6 2. c4 g6 3. Nc3 Bg7 4. e4 d6 5. d4 0-0 6. Be2 Nbd7 7. 0-0 c5 8. d5 b6 9. Ne1 a6 10. f4 Ne8 11. Nf3 Nc7 12. Bd3 Rb8 13. a4 f6 14. h4 Rf7 15. h5 Nf8 16. Nh4 Qd7 17. hxg6 hxg6 18. f5 g5 19. Nf3 Bh6 20. Nh2 Rh7 21. Ng4 Qe8 22. Qe2 Bg7 23. e5 dxe5 24. Ne4 Qd8 25. Be3 Ne8 26. a5 Nd6 27. axb6 Nxe4 28. Bxe4 Qxb6 29. b4 Rh4 30. Bxc5 Qd8 31. Bf2 Rh8 32. Rab1 Bd7 33. Rfd1 Qe8 34. Ne3 Nh7 35. g4 Bf8 36. Qa2 Ba4 37. Rdc1 e6 38. fxe6 Bxb4 39. Nf5 a5 40. c5 Bb5 41. Rxb4 axb4 42. Qa7 Bd7 43. exd7 Qd8 44. c6 Ra8 45. c7 1-0

[Event "Sant Adria de Besos op 09th"]
[Site "Sant Adria de Besos"]
[Date "2013.05.19"]
[Round "6"]
[White "Molinero Martin, Joan"]
[Black "Moran Soria, Jorge"]
[Result "1-0"]
[WhiteElo "2013"]
[BlackElo "1795"]
[PlyCount "77"]
[EventDate "2013.04.14"]
[EventType "swiss"]
[EventRounds "9"]
[EventCountry "ESP"]
[SourceTitle "EXT 2015"]
[Source "ChessBase"]
[SourceDate "2014.11.20"]
[SourceVersion "1"]
[SourceVersionDate "2014.11.20"]
[SourceQuality "1"]

1. e4 e6 2. d4 d5 3. e5 c5 4. c3 Nc6 5. Nf3 Qb6 6. Bd3 Bd7 7. 0-0 cxd4 8. cxd4 Nxd4 9. Nxd4 Qxd4 10. Nc3 a6 11. Be3 Qxe5 12. Re1 Bb4 13. Bc5 Bxc3 14. Rxe5 Bxe5 15. Qe2 Bf6 16. Re1 Ne7 17. Qh5 Bc6 18. b4 g6 19. Qh6 Kd7 20. Qf4 Nf5 21. Bxf5 gxf5 22. Rxe6 fxe6 23. Qd6+ Kc8 24. Qxe6+ Bd7 25. Qxf6 Re8 26. h3 Re6 27. Qh8+ Be8 28. Qxh7 f4 29. Qf5 Bd7 30. Qf8+ Be8 31. Qxf4 b6 32. Qf5 Bd7 33. Qxd5 Ra7 34. Be3 Rb7 35. Qc4+ Kb8 36. Qxa6 Ra7 37. Qc4 Kb7 38. b5 Ra8 39. Qd5+ 1-0

[Event "Sant Adria de Besos op 09th"]
[Site "Sant Adria de Besos"]
[Date "2013.05.05"]
[Round "4"]
[White "Molinero Martin, Joan"]
[Black "Ramirez Garcia, Lluis"]
[Result "1-0"]
[WhiteElo "2013"]
[BlackElo "1810"]
[PlyCount "91"]
[EventDate "2013.04.14"]
[EventType "swiss"]
[EventRounds "9"]
[EventCountry "ESP"]
[SourceTitle "EXT 2015"]
[Source "ChessBase"]
[SourceDate "2014.11.20"]
[SourceVersion "1"]
[SourceVersionDate "2014.11.20"]
[SourceQuality "1"]

1. e4 e5 2. Nf3 Nc6 3. Bc4 Nf6 4. d3 Be7 5. Bg5 d6 6. h3 Na5 7. Nbd2 Nxc4 8. Nxc4 Be6 9. Ne3 Nd7 10. Bxe7 Qxe7 11. 0-0 0-0 12. c3 Nf6 13. Ng5 a6 14. Nxe6 fxe6 15. Qb3 Kh8 16. Nc4 b6 17. Qd1 Nd7 18. d4 Qg5 19. Qg4 Qxg4 20. hxg4 exd4 21. cxd4 e5 22. d5 Nc5 23. f3 a5 24. Nd2 Rf7 25. Kf2 Raf8 26. Ke3 Rf4 27. Rac1 R8f7 28. b3 Na6 29. a3 g6 30. Rc4 Rd7 31. Rfc1 Rff7 32. Nb1 b5 33. Rc6 Nb8 34. R6c2 b4 35. axb4 axb4 36. Rc4 Na6 37. Nd2 Rf8 38. Ra1 Nc5 39. Rxb4 Rc8 40. Ra7 Kg8 41. Nc4 Kf8 42. Na5 Ke8 43. Nc6 Kf7 44. Rb5 Kf6 45. Na5 Ke7 46. b4 1-0

[Event "Sant Adria de Besos op 09th"]
[Site "Sant Adria de Besos"]
[Date "2013.04.28"]
[Round "3"]
[White "Font Purroy, Vicenc"]
[Black "Molinero Martin, Joan"]
[Result "1-0"]
[WhiteElo "2128"]
[BlackElo "2013"]
[PlyCount "85"]
[EventDate "2013.04.14"]
[EventType "swiss"]
[EventRounds "9"]
[EventCountry "ESP"]
[SourceTitle "EXT 2015"]
[Source "ChessBase"]
[SourceDate "2014.11.20"]
[SourceVersion "1"]
[SourceVersionDate "2014.11.20"]
[SourceQuality "1"]

1. c4 Nf6 2. Nc3 g6 3. g3 Bg7 4. Bg2 0-0 5. e3 c5 6. Nge2 Nc6 7. 0-0 d6 8. a3 e5 9. Rb1 Rb8 10. b4 Bd7 11. b5 Ne7 12. e4 Qc8 13. d3 Bh3 14. Bg5 Bxg2 15. Kxg2 h6 16. Bd2 g5 17. f4 gxf4 18. gxf4 Qg4+ 19. Ng3 Ng6 20. Qxg4 Nxg4 21. Nd5 exf4 22. Nxf4 N4e5 23. Nf5 Nxf4+ 24. Bxf4 Rbd8 25. Nxh6+ Kh7 26. Nf5 Rg8 27. Ne7 Rge8 28. Bxe5 dxe5 29. Nd5 Re6 30. Rxf7 b6 31. Rbf1 Kh8 32. R1f3 Rg8 33. Kf1 Rge8 34. Rxa7 Rh6 35. h3 Rf8 36. Rxf8+ Bxf8 37. Kg2 Rg6+ 38. Kf3 Rh6 39. Kg4 Rg6+ 40. Kf5 Rg1 41. Nf6 Rf1+ 42. Ke6 Be7 43. Rxe7 1-0

[Event "Barcelona Sant Marti op-A 14th"]
[Site "Barcelona"]
[Date "2012.07.20"]
[Round "8"]
[White "Deleyn, Gunter"]
[Black "Molinero Martin, Joan"]
[Result "1-0"]
[WhiteElo "2197"]
[BlackElo "2046"]
[PlyCount "57"]
[EventDate "2012.07.13"]
[EventType "swiss"]
[EventRounds "9"]
[EventCountry "ESP"]
[SourceTitle "CBM 149 Extra"]
[Source "ChessBase"]
[SourceDate "2012.08.24"]
[SourceVersion "1"]
[SourceVersionDate "2012.08.24"]
[SourceQuality "1"]

1. g3 Nf6 2. Bg2 e5 3. d3 d5 4. Nf3 Nc6 5. 0-0 Bg4 6. c3 Qd7 7. Qc2 Bh3 8. Bg5 Bxg2 9. Kxg2 Be7 10. Nbd2 h6 11. Bxf6 Bxf6 12. b4 g5 13. Rab1 h5 14. c4 h4 15. g4 Qxg4+ 16. Kh1 Qd7 17. cxd5 Nd4 18. Ne4 Be7 19. Nxd4 exd4 20. d6 f5 21. dxe7 fxe4 22. Qc5 Qxe7 23. Qxd4 Rh6 24. dxe4 Rd8 25. Qe3 Ra6 26. a3 Kd7 27. Rg1 Rg8 28. Rg4 Ra4 29. Qh3 1-0

[Event "Catalunya-chT Honor"]
[Site "Catalunya"]
[Date "2009.03.01"]
[Round "5"]
[White "Alonso Seisdedos, Cayetano"]
[Black "Molinero Martin, Joan"]
[Result "1-0"]
[WhiteElo "2309"]
[BlackElo "2105"]
[PlyCount "131"]
[EventDate "2009.02.01"]
[EventType "team-tourn"]
[EventRounds "9"]
[EventCountry "ESP"]
[SourceTitle "EXT 2019"]
[Source "ChessBase"]
[SourceDate "2018.10.10"]
[SourceVersion "1"]
[SourceVersionDate "2018.10.10"]
[SourceQuality "1"]
[WhiteTeam "Colon Sabadell"]
[BlackTeam "Sant Adria"]
[WhiteTeamCountry "ESP"]
[BlackTeamCountry "ESP"]

1. e4 c6 2. d4 d5 3. e5 e6 4. f4 c5 5. Nf3 Nc6 6. c3 Bd7 7. Be3 c4 8. a4 a6 9. b4 b5 10. axb5 axb5 11. Rxa8 Qxa8 12. Be2 Nh6 13. 0-0 Be7 14. Ng5 Nf5 15. Bf2 h6 16. Nh3 g6 17. g4 Ng7 18. Be3 Kd8 19. Nf2 Kc7 20. Qc1 Qa2 21. Bf3 Ra8 22. Nh1 h5 23. h3 Bh4 24. Rd1 Na7 25. Rd2 Qa1 26. Kg2 Nc8 27. Ng3 Nb6 28. Ne2 Ra2 29. Rxa2 Qxa2 30. Bd2 Be7 31. Na3 Na4 32. Nc2 hxg4 33. hxg4 Nb2 34. Qa1 Qxa1 35. Nxa1 Nd3 36. Nc2 Bc6 37. Kg3 Kd7 38. Nc1 Nb2 39. Ne3 Ne8 40. Nd1 Na4 41. Ne2 Nc7 42. Bg2 Na8 43. Bh3 Ke8 44. f5 gxf5 45. gxf5 exf5 46. Bxf5 Bd7 47. Kg4 Nc7 48. Bxd7+ Kxd7 49. Nf4 f6 50. Kf5 fxe5 51. dxe5 Bxb4 52. cxb4 d4 53. Ke4 c3 54. Bc1 Na6 55. Nd3 c2 56. N1b2 Nc3+ 57. Kf5 Ne2 58. Bd2 Ng3+ 59. Kf4 Nf1 60. Bc1 Nb8 61. Nc5+ Ke7 62. Nbd3 Nc6 63. Ke4 Ng3+ 64. Kd5 Nd8 65. Bg5+ Ke8 66. Kxd4 1-0